000 00310nam a22001337a 4500
008 180109b xxu||||| |||| 00| 0 eng d
020 _a044482058x
041 _aeng
080 _a541
100 _a12
101 _aKIM
245 _aHanbook of Thermal Analysis and Calorimetry
_cBrown, M,E
942 _2udc
_cBK
999 _c39944
_d39944